| 000 | 00640nam a22002177a 4500 | ||
|---|---|---|---|
| 003 | OSt | ||
| 005 | 20251121154221.0 | ||
| 008 | 180226b xxu||||| |||| 00| 0 eng d | ||
| 020 | _a9781451193954 | ||
| 040 | _cDNLM | ||
| 082 | _aWS200 F627s 2016 | ||
| 100 |
_aEditors Kathy N. Shaw; Richard G. Bachur _912486 |
||
| 245 | _aFleisher & Ludwig's Textbook of Pediatric Emergency Medicine | ||
| 250 | _a7th ed. | ||
| 260 | _aPhiladelphia; Wolters Kluwer, 2016 | ||
| 300 | _axxxii,1519p;col.ill: 28.5cm | ||
| 504 | _aReferences, & index included | ||
| 650 |
_aPediatrics _93353 |
||
| 650 |
_aEmergency Medicine _99685 |
||
| 942 |
_2z _cB_BANK |
||
| 999 |
_c6011 _d6011 |
||